000 00729mam a2200229 a 4500
001 1417399
003 ARRUPE
005 20161017084541.0
008 940105s1993 enk 001 0 eng d
020 _a0241134447
035 _a(OCoLC)ocm29578073
035 _a(NNC)1417399
040 _aWAU
_cWAU
043 _ae------
050 _aD358.T38 1994
100 1 _aTaylor, A. J. P.
_q(Alan John Percivale),
_d1906-1990.
_926735
245 1 0 _aFrom Napoleon to the Second International :
_bessays on nineteenth-century Europe /
_cby A.J.P. Taylor ; edited with an introduction by Chris Wrigley.
260 _aLondon :
_bHamish Hamilton,
_c1994.
300 _axxii, 426 p.;
_c23 cm.
942 _2lcc
_cMONOGRAPH
999 _c125508
_d125508